[Event "Stay Safe Play From Home 422"]
[Site "Emanuel Lasker Arena"]
[Date "2020.08.30"]
[Round "4"]
[White "APConnection"]
[Black "Padmaesh M K"]
[Result "0-1"]
[WhiteElo "1711"]
[BlackElo "1804"]
[Annotator "NA"]
[PlyCount "32"]
[EventDate "2020.08.30"]
[EventType "swiss (blitz)"]

1. c4 {[%emt 0:00:06]} c5 {[%emt 0:00:01]} 2. Nc3 {[%emt 0:00:02]} Nf6 {[%emt 0:00:01]} 3. Nf3 {[%emt 0:00:01]} g6 {[%emt 0:00:01]} 4. d4 {[%emt 0:00:02]} cxd4 {[%emt 0:00:01]} 5. Nxd4 {[%emt 0:00:00]} Bg7 {[%emt 0:00:00]} 6. e4 {[%emt 0:00:02]} d6 {[%emt 0:00:02]} 7. g3 {[%emt 0:00:01]} Nc6 {[%emt 0:00:01]} 8. Be3 {[%emt 0:00:03]} O-O {[%emt 0:00:02]} 9. Bg2 {[%emt 0:00:01]} Ng4 {[%emt 0:00:02]} 10. Nc2 {[%emt 0:00:21]} Nxe3 {[%emt 0:00:08]} 11. Nxe3 {[%emt 0:00:01]} Qa5 {[%emt 0:00:05]} 12. Rc1 {[%emt 0:00:11]} Nb4 {[%emt 0:00:11]} 13. O-O {[%emt 0:00:10]} Nxa2 {[%emt 0:00:05]} 14. Ra1 {[%emt 0:00:02]} Nxc3 {[%emt 0:00:03]} 15. Qd2 {[%emt 0:00:02]} Qb4 {[%emt 0:00:11]} 16. Nd5 {[%emt 0:00:06]} Nxd5 {[%emt 0:00:02] APConnection gibt auf APConnection gibt auf APConnection gibt auf (Lag: Av=0.81s, max=1.9s) (Lag: Av=0.81s, max=1.9s) (Lag: Av=0.81s, max=1.9s)} 0-1

[Event "Stay Safe Play From Home 422"]
[Site "Emanuel Lasker Arena"]
[Date "2020.08.30"]
[Round "4"]
[White "Sadbat1122"]
[Black "Timbre"]
[Result "1-0"]
[WhiteElo "1653"]
[BlackElo "1602"]
[Annotator "NA"]
[PlyCount "87"]
[EventDate "2020.08.30"]
[EventType "swiss (blitz)"]

1. e4 {[%emt 0:00:03]} c6 {[%emt 0:00:02]} 2. Nc3 {[%emt 0:00:02]} d5 {[%emt 0:00:01]} 3. d4 {[%emt 0:00:02]} dxe4 {[%emt 0:00:02]} 4. Nxe4 {[%emt 0:00:02]} Bf5 {[%emt 0:00:01]} 5. Ng3 {[%emt 0:00:02]} Bg6 {[%emt 0:00:01]} 6. Nf3 {[%emt 0:00:03]} Nd7 {[%emt 0:00:02]} 7. Bd3 {[%emt 0:00:02]} Ngf6 {[%emt 0:00:02]} 8. c4 {[%emt 0:00:06]} e6 {[%emt 0:00:01]} 9. O-O {[%emt 0:00:03]} Be7 {[%emt 0:00:03]} 10. a3 {[%emt 0:00:07]} O-O {[%emt 0:00:03]} 11. b4 {[%emt 0:00:02]} a6 {[%emt 0:00:02]} 12. Bb2 {[%emt 0:00:05]} b5 {[%emt 0:00:03]} 13. c5 {[%emt 0:00:03]} Nd5 {[%emt 0:00:03]} 14. Qc2 {[%emt 0:00:12]} Bf6 {[%emt 0:00:09]} 15. Bxg6 {[%emt 0:00:03]} hxg6 {[%emt 0:00:05]} 16. Ne4 {[%emt 0:00:02]} Qc7 {[%emt 0:00:04]} 17. Nd6 {[%emt 0:00:04]} Rad8 {[%emt 0:00:05]} 18. Rae1 {[%emt 0:00:05]} a5 {[%emt 0:00:07]} 19. Qd2 {[%emt 0:00:07]} axb4 {[%emt 0:00:03]} 20. axb4 {[%emt 0:00:02]} Ra8 {[%emt 0:00:02]} 21. Ra1 {[%emt 0:00:05]} Rxa1 {[%emt 0:00:02]} 22. Rxa1 {[%emt 0:00:02]} Be7 {[%emt 0:00:08]} 23. Ne4 {[%emt 0:00:07]} N5f6 {[%emt 0:00:03]} 24. Nxf6+ {[%emt 0:00:04]} Nxf6 {[%emt 0:00:03]} 25. h3 {[%emt 0:00:03]} Nd5 {[%emt 0:00:02]} 26. Ne5 {[%emt 0:00:14]} Bf6 {[%emt 0:00:02]} 27. Nf3 {[%emt 0:00:03]} Qb7 {[%emt 0:00:05]} 28. Bc3 {[%emt 0:00:17]} Ra8 {[%emt 0:00:02]} 29. Rxa8+ {[%emt 0:00:05]} Qxa8 {[%emt 0:00:02]} 30. Kh2 {[%emt 0:00:03]} Qa3 {[%emt 0:00:05]} 31. Bb2 {[%emt 0:00:05]} Qxb4 {[%emt 0:00:02]} 32. Qc2 {[%emt 0:00:08]} Qa5 {[%emt 0:00:10]} 33. Bc1 {[%emt 0:00:04]} Qc7+ {[%emt 0:00:02]} 34. g3 {[%emt 0:00:02]} e5 {[%emt 0:00:02]} 35. dxe5 {[%emt 0:00:02]} Bxe5 {[%emt 0:00:02]} 36. Qe4 {[%emt 0:00:10]} Bf6 {[%emt 0:00:02]} 37. Qe8+ {[%emt 0:00:09]} Kh7 {[%emt 0:00:03]} 38. h4 {[%emt 0:00:08]} Qa7 {[%emt 0:00:05]} 39. Qxc6 {[%emt 0:00:04]} Nc3 {[%emt 0:00:12]} 40. Bg5 {[%emt 0:00:06]} Qe7 {[%emt 0:00:06]} 41. Bxf6 {[%emt 0:00:02]} gxf6 {[%emt 0:00:03]} 42. Qd6 {[%emt 0:00:09]} Qe4 {[%emt 0:00:07]} 43. Qxf6 {[%emt 0:00:08]} Qe6 {[%emt 0:00:10]} 44. Ng5+ {[%emt 0:00:03] Timbre resigns Timbre resigns Timbre resigns (Lag: Av=0.90s, max=1.3s) (Lag: Av=0.90s, max=1.3s) (Lag: Av=0.90s, max=1.3s)} 1-0

[Event "Stay Safe Play From Home 422"]
[Site "Emanuel Lasker Arena"]
[Date "2020.08.30"]
[Round "4"]
[White "ansari11"]
[Black "KING o KONG"]
[Result "1-0"]
[WhiteElo "1443"]
[BlackElo "1202"]
[Annotator "NA"]
[PlyCount "35"]
[EventDate "2020.08.30"]
[EventType "swiss (blitz)"]

1. e4 {[%emt 0:00:03]} e6 {[%emt 0:00:01]} 2. d4 {[%emt 0:00:00]} d6 {[%emt 0:00:01]} 3. Nc3 {[%emt 0:00:01]} b6 {[%emt 0:00:01]} 4. Nf3 {[%emt 0:00:00]} a6 {[%emt 0:00:01]} 5. Bf4 {[%emt 0:00:01]} Bb7 {[%emt 0:00:01]} 6. Bd3 {[%emt 0:00:02]} g6 {[%emt 0:00:01]} 7. O-O {[%emt 0:00:01]} Nf6 {[%emt 0:00:02]} 8. Re1 {[%emt 0:00:01]} Be7 {[%emt 0:00:01]} 9. e5 {[%emt 0:00:03]} Ng4 {[%emt 0:00:02]} 10. exd6 {[%emt 0:00:03]} Nxh2 {[%emt 0:00:02]} 11. Bxh2 {[%emt 0:00:02]} Bxd6 {[%emt 0:00:01]} 12. Bxd6 {[%emt 0:00:01]} Qxd6 {[%emt 0:00:01]} 13. Ne5 {[%emt 0:00:01]} Qe7 {[%emt 0:00:05]} 14. Qg4 {[%emt 0:00:03]} Nd7 {[%emt 0:00:02]} 15. Nxd7 {[%emt 0:00:02]} Qxd7 {[%emt 0:00:03]} 16. Be4 {[%emt 0:00:03]} Bxe4 {[%emt 0:00:05]} 17. Qxe4 {[%emt 0:00:03]} O-O-O {[%emt 0:00:01]} 18. Qa8# {[%emt 0:00:03] Mate Mate Mate Mate Mate Mate} 1-0

[Event "Stay Safe Play From Home 422"]
[Site "Emanuel Lasker Arena"]
[Date "2020.08.30"]
[Round "4"]
[White "W Nelles"]
[Black "Shakh"]
[Result "1-0"]
[WhiteElo "1342"]
[BlackElo "1632"]
[Annotator "NA"]
[PlyCount "83"]
[EventDate "2020.08.30"]
[EventType "swiss (blitz)"]

1. e4 {[%emt 0:00:03]} c5 {[%emt 0:00:07]} 2. Nf3 {[%emt 0:00:01]} d6 {[%emt 0:00:01]} 3. Bc4 {[%emt 0:00:01]} h6 {[%emt 0:00:03]} 4. O-O {[%emt 0:00:02]} g5 {[%emt 0:00:01]} 5. c3 {[%emt 0:00:02]} Nc6 {[%emt 0:00:02]} 6. d4 {[%emt 0:00:03]} cxd4 {[%emt 0:00:02]} 7. Nxd4 {[%emt 0:00:02]} Bg7 {[%emt 0:00:02]} 8. Nf5 {[%emt 0:00:05]} Bf6 {[%emt 0:00:07]} 9. Nd2 {[%emt 0:00:03]} e6 {[%emt 0:00:04]} 10. Ng3 {[%emt 0:00:03]} Ne5 {[%emt 0:00:08]} 11. Be2 {[%emt 0:00:07]} Bd7 {[%emt 0:00:07]} 12. Nf3 {[%emt 0:00:03]} Bc6 {[%emt 0:00:03]} 13. Nxe5 {[%emt 0:00:02]} Bxe5 {[%emt 0:00:03]} 14. Be3 {[%emt 0:00:05]} Qc7 {[%emt 0:00:05]} 15. Bd4 {[%emt 0:00:02]} O-O-O {[%emt 0:00:12]} 16. Bh5 {[%emt 0:00:07]} Nf6 {[%emt 0:00:11]} 17. Qf3 {[%emt 0:00:04]} Nxh5 {[%emt 0:00:29]} 18. Nxh5 {[%emt 0:00:03]} Rdf8 {[%emt 0:00:12]} 19. Bxe5 {[%emt 0:00:02]} dxe5 {[%emt 0:00:03]} 20. Rad1 {[%emt 0:00:10]} f5 {[%emt 0:00:05]} 21. Qh3 {[%emt 0:00:15]} Bxe4 {[%emt 0:00:05]} 22. f3 {[%emt 0:00:07]} Bc6 {[%emt 0:00:06]} 23. Rd2 {[%emt 0:00:11]} e4 {[%emt 0:00:12]} 24. Rfd1 {[%emt 0:00:03]} exf3 {[%emt 0:00:05]} 25. gxf3 {[%emt 0:00:02]} Rhg8 {[%emt 0:00:20]} 26. Ng3 {[%emt 0:00:07]} g4 {[%emt 0:00:04]} 27. Qxh6 {[%emt 0:00:07]} Bd5 {[%emt 0:00:26]} 28. f4 {[%emt 0:00:28]} Rh8 {[%emt 0:00:28]} 29. Qg6 {[%emt 0:00:07]} Rfg8 {[%emt 0:00:02]} 30. Qf6 {[%emt 0:00:06]} Qxf4 {[%emt 0:00:01]} 31. Rxd5 {[%emt 0:00:15]} exd5 {[%emt 0:00:02]} 32. Qe6+ {[%emt 0:00:05]} Kb8 {[%emt 0:00:15]} 33. Rf1 {[%emt 0:00:11]} Qc7 {[%emt 0:00:24]} 34. Qxd5 {[%emt 0:00:08]} f4 {[%emt 0:00:04]} 35. Nf5 {[%emt 0:00:21]} g3 {[%emt 0:00:05]} 36. h4 {[%emt 0:00:05]} Qb6+ {[%emt 0:00:10]} 37. Kg2 {[%emt 0:00:05]} Qc6 {[%emt 0:00:01]} 38. Qxc6 {[%emt 0:00:06]} bxc6 {[%emt 0:00:01]} 39. Ne7 {[%emt 0:00:05]} Rf8 {[%emt 0:00:02]} 40. Nxc6+ {[%emt 0:00:02]} Kc7 {[%emt 0:00:01]} 41. Nd4 {[%emt 0:00:03]} Rxh4 {[%emt 0:00:01]} 42. Ne6+ {[%emt 0:00:01] TimeB TimeB TimeB} 1-0

[Event "Stay Safe Play From Home 422"]
[Site "Emanuel Lasker Arena"]
[Date "2020.08.30"]
[Round "5"]
[White "Ionelluca"]
[Black "Hickey"]
[Result "1/2-1/2"]
[WhiteElo "2019"]
[BlackElo "2073"]
[Annotator "NA"]
[PlyCount "164"]
[EventDate "2020.08.30"]
[EventType "swiss (blitz)"]

1. c4 {[%emt 0:00:05]} c5 {[%emt 0:00:18]} 2. Nc3 {[%emt 0:00:02]} b6 {[%emt 0:00:01]} 3. Nf3 {[%emt 0:00:04]} Bb7 {[%emt 0:00:01]} 4. g3 {[%emt 0:00:01]} Nf6 {[%emt 0:00:02]} 5. Bg2 {[%emt 0:00:01]} e6 {[%emt 0:00:00]} 6. d3 {[%emt 0:00:01]} d5 {[%emt 0:00:02]} 7. Bd2 {[%emt 0:00:01]} Be7 {[%emt 0:00:01]} 8. b3 {[%emt 0:00:03]} O-O {[%emt 0:00:01]} 9. O-O {[%emt 0:00:01]} Nc6 {[%emt 0:00:01]} 10. Re1 {[%emt 0:00:17]} Re8 {[%emt 0:00:02]} 11. Bg5 {[%emt 0:00:03]} h6 {[%emt 0:00:03]} 12. Bd2 {[%emt 0:00:01]} Qd7 {[%emt 0:00:15]} 13. Qc1 {[%emt 0:00:02]} Bf8 {[%emt 0:00:01]} 14. Rb1 {[%emt 0:00:03]} Rad8 {[%emt 0:00:02]} 15. Bf4 {[%emt 0:00:22]} e5 {[%emt 0:00:03]} 16. cxd5 {[%emt 0:00:03]} exf4 {[%emt 0:01:19]} 17. dxc6 {[%emt 0:00:02]} Bxc6 {[%emt 0:00:00]} 18. Qxf4 {[%emt 0:00:01]} Bd6 {[%emt 0:00:00]} 19. Qc1 {[%emt 0:00:05]} Bxf3 {[%emt 0:00:00]} 20. Bxf3 {[%emt 0:00:03]} Be5 {[%emt 0:00:01]} 21. Bg2 {[%emt 0:00:05]} Re7 {[%emt 0:00:07]} 22. Qc2 {[%emt 0:00:11]} Rde8 {[%emt 0:00:02]} 23. Rbd1 {[%emt 0:00:01]} Bxc3 {[%emt 0:00:03]} 24. Qxc3 {[%emt 0:00:01]} Rxe2 {[%emt 0:00:00]} 25. Rxe2 {[%emt 0:00:18]} Rxe2 {[%emt 0:00:00]} 26. d4 {[%emt 0:00:09]} cxd4 {[%emt 0:00:03]} 27. Rxd4 {[%emt 0:00:07]} Re1+ {[%emt 0:00:12]} 28. Bf1 {[%emt 0:00:17]} Qe7 {[%emt 0:00:02]} 29. Qd3 {[%emt 0:00:22]} g6 {[%emt 0:00:06]} 30. Qd2 {[%emt 0:00:04]} Kg7 {[%emt 0:00:05]} 31. Kg2 {[%emt 0:00:04]} Qb7+ {[%emt 0:00:10]} 32. Kg1 {[%emt 0:00:06]} Qe7 {[%emt 0:00:05]} 33. Kg2 {[%emt 0:00:02] Ionelluca offers a draw Ionelluca offers a draw Ionelluca offers a draw} Qb7+ {[%emt 0:00:06]} 34. Kg1 {[%emt 0:00:02]} Re7 {[%emt 0:00:01]} 35. Rd6 {[%emt 0:00:16]} Rd7 {[%emt 0:00:03]} 36. Rxd7 {[%emt 0:00:03]} Nxd7 {[%emt 0:00:00]} 37. Qd4+ {[%emt 0:00:02]} Nf6 {[%emt 0:00:01]} 38. Bc4 {[%emt 0:00:02]} h5 {[%emt 0:00:02]} 39. a4 {[%emt 0:00:02]} a5 {[%emt 0:00:01]} 40. h3 {[%emt 0:00:04]} Qc7 {[%emt 0:00:04]} 41. g4 {[%emt 0:00:04]} hxg4 {[%emt 0:00:00]} 42. hxg4 {[%emt 0:00:01]} g5 {[%emt 0:00:12]} 43. Kg2 {[%emt 0:00:05]} Qc5 {[%emt 0:00:12]} 44. Qd3 {[%emt 0:00:09]} Qe5 {[%emt 0:00:06]} 45. f3 {[%emt 0:00:09]} Qb2+ {[%emt 0:00:03]} 46. Kf1 {[%emt 0:00:03]} Qe5 {[%emt 0:00:08]} 47. Kg2 {[%emt 0:00:05]} Ne8 {[%emt 0:00:03]} 48. Qe4 {[%emt 0:00:12]} Qxe4 {[%emt 0:00:01]} 49. fxe4 {[%emt 0:00:01]} Nd6 {[%emt 0:00:02]} 50. e5 {[%emt 0:00:01]} Nxc4 {[%emt 0:00:23]} 51. bxc4 {[%emt 0:00:01]} f6 {[%emt 0:00:00]} 52. exf6+ {[%emt 0:00:09]} Kxf6 {[%emt 0:00:01]} 53. Kf3 {[%emt 0:00:01]} Ke5 {[%emt 0:00:02]} 54. Ke3 {[%emt 0:00:01]} Kd6 {[%emt 0:00:01]} 55. Kd3 {[%emt 0:00:02]} Kc6 {[%emt 0:00:04]} 56. Kd4 {[%emt 0:00:01]} Kd6 {[%emt 0:00:01]} 57. Kd3 {[%emt 0:00:01]} Kd7 {[%emt 0:00:01]} 58. Ke3 {[%emt 0:00:01]} Kc6 {[%emt 0:00:04]} 59. Kd3 {[%emt 0:00:01]} Kd6 {[%emt 0:00:01]} 60. Kd4 {[%emt 0:00:05]} Ke6 {[%emt 0:00:03]} 61. Ke4 {[%emt 0:00:01]} Kd6 {[%emt 0:00:01]} 62. Kd4 {[%emt 0:00:00]} Kc6 {[%emt 0:00:01]} 63. Kd3 {[%emt 0:00:01]} Kc5 {[%emt 0:00:00]} 64. Kc3 {[%emt 0:00:01]} b5 {[%emt 0:00:00]} 65. cxb5 {[%emt 0:00:01]} Kb6 {[%emt 0:00:01]} 66. Kc4 {[%emt 0:00:00]} Kb7 {[%emt 0:00:00]} 67. Kc5 {[%emt 0:00:00]} Kc7 {[%emt 0:00:00]} 68. b6+ {[%emt 0:00:00]} Kb7 {[%emt 0:00:01]} 69. Kb5 {[%emt 0:00:00]} Kb8 {[%emt 0:00:00]} 70. Kxa5 {[%emt 0:00:00]} Ka8 {[%emt 0:00:00]} 71. Kb5 {[%emt 0:00:00]} Kb8 {[%emt 0:00:00]} 72. Kc5 {[%emt 0:00:00]} Kc8 {[%emt 0:00:00]} 73. Kd5 {[%emt 0:00:00]} Kd8 {[%emt 0:00:00]} 74. Ke5 {[%emt 0:00:00]} Kc8 {[%emt 0:00:00]} 75. Kf5 {[%emt 0:00:00]} Kb7 {[%emt 0:00:00]} 76. Kxg5 {[%emt 0:00:00]} Kxb6 {[%emt 0:00:00]} 77. Kh6 {[%emt 0:00:00]} Ka5 {[%emt 0:00:00]} 78. g5 {[%emt 0:00:00]} Kxa4 {[%emt 0:00:00]} 79. g6 {[%emt 0:00:00]} Kb5 {[%emt 0:00:00]} 80. g7 {[%emt 0:00:00]} Kc6 {[%emt 0:00:00]} 81. g8=Q {[%emt 0:00:00]} Kd6 {[%emt 0:00:00]} 82. Qe8 {[%emt 0:00:01]} Kc5 {[%emt 0:00:00] Time Time Time (Lag: Av=0.68s, max=1.3s) (Lag: Av=0.68s, max=1.3s) (Lag: Av=0.68s, max=1.3s)} 1/2-1/2

[Event "Stay Safe Play From Home 422"]
[Site "Emanuel Lasker Arena"]
[Date "2020.08.30"]
[Round "5"]
[White "Haris kollari 13"]
[Black "Dukic"]
[Result "0-1"]
[WhiteElo "1940"]
[BlackElo "1858"]
[Annotator "NA"]
[PlyCount "88"]
[EventDate "2020.08.30"]
[EventType "swiss (blitz)"]

1. e4 {[%emt 0:00:02]} c6 {[%emt 0:00:02]} 2. f4 {[%emt 0:00:01]} d6 {[%emt 0:00:00]} 3. d4 {[%emt 0:00:01]} Nd7 {[%emt 0:00:00]} 4. Nf3 {[%emt 0:00:01]} Qc7 {[%emt 0:00:02]} 5. Be3 {[%emt 0:00:01]} e5 {[%emt 0:00:01]} 6. f5 {[%emt 0:00:04]} Ngf6 {[%emt 0:00:02]} 7. Bd3 {[%emt 0:00:06]} b5 {[%emt 0:00:06]} 8. c3 {[%emt 0:00:02]} Bb7 {[%emt 0:00:01]} 9. O-O {[%emt 0:00:03]} Be7 {[%emt 0:00:01]} 10. h3 {[%emt 0:00:02]} O-O {[%emt 0:00:02]} 11. g4 {[%emt 0:00:01]} d5 {[%emt 0:00:04]} 12. dxe5 {[%emt 0:00:11]} Nxe4 {[%emt 0:00:03]} 13. Bf4 {[%emt 0:00:10]} f6 {[%emt 0:00:11]} 14. Nd4 {[%emt 0:00:15]} fxe5 {[%emt 0:00:05]} 15. Ne6 {[%emt 0:00:01]} Qb6+ {[%emt 0:00:07]} 16. Kh2 {[%emt 0:00:07]} exf4 {[%emt 0:00:02]} 17. Bxe4 {[%emt 0:00:01]} Rfe8 {[%emt 0:00:21]} 18. Bg2 {[%emt 0:00:11]} Bd6 {[%emt 0:00:03]} 19. Bf3 {[%emt 0:00:09]} Ne5 {[%emt 0:00:02]} 20. Nd2 {[%emt 0:00:03]} c5 {[%emt 0:00:02]} 21. Nb3 {[%emt 0:00:22]} Nxf3+ {[%emt 0:00:06]} 22. Rxf3 {[%emt 0:00:04]} d4 {[%emt 0:00:02]} 23. Rf2 {[%emt 0:00:08]} dxc3 {[%emt 0:00:12]} 24. bxc3 {[%emt 0:00:01]} a5 {[%emt 0:00:15]} 25. Rd2 {[%emt 0:00:07]} Be5 {[%emt 0:00:04]} 26. Rc1 {[%emt 0:00:28]} Rac8 {[%emt 0:00:06]} 27. Qe2 {[%emt 0:00:07]} Bb8 {[%emt 0:00:09]} 28. Qf2 {[%emt 0:00:06]} Rxe6 {[%emt 0:00:43]} 29. fxe6 {[%emt 0:00:03]} a4 {[%emt 0:00:07]} 30. Nxc5 {[%emt 0:00:25]} f3+ {[%emt 0:00:14]} 31. Kh1 {[%emt 0:00:04]} Bf4 {[%emt 0:00:02]} 32. Rcd1 {[%emt 0:00:16]} Bxd2 {[%emt 0:00:03]} 33. Rxd2 {[%emt 0:00:01]} Qxc5 {[%emt 0:00:08]} 34. Qxc5 {[%emt 0:00:03]} Rxc5 {[%emt 0:00:01]} 35. e7 {[%emt 0:00:01]} Kf7 {[%emt 0:00:03]} 36. Rd7 {[%emt 0:00:08]} Bc6 {[%emt 0:00:04]} 37. Rc7 {[%emt 0:00:07]} Rxc3 {[%emt 0:00:06]} 38. Kg1 {[%emt 0:00:03]} Rc2 {[%emt 0:00:03]} 39. h4 {[%emt 0:00:03]} f2+ {[%emt 0:00:01]} 40. Kh2 {[%emt 0:00:03]} f1=Q+ {[%emt 0:00:02]} 41. Kg3 {[%emt 0:00:03]} Qf2+ {[%emt 0:00:01]} 42. Kh3 {[%emt 0:00:01]} Bg2+ {[%emt 0:00:02]} 43. Kh2 {[%emt 0:00:04]} Bf3+ {[%emt 0:00:02]} 44. Kh3 {[%emt 0:00:01]} Qg2# {[%emt 0:00:01] (Lag: Av=0.50s, max=1.0s) (Lag: Av=0.50s, max=1.0s) (Lag: Av=0.50s, max=1.0s)} 0-1

[Event "Stay Safe Play From Home 422"]
[Site "Emanuel Lasker Arena"]
[Date "2020.08.30"]
[Round "5"]
[White "Padmaesh M K"]
[Black "Sfantul321"]
[Result "0-1"]
[WhiteElo "1817"]
[BlackElo "1993"]
[Annotator "NA"]
[PlyCount "62"]
[EventDate "2020.08.30"]
[EventType "swiss (blitz)"]

1. Nf3 {[%emt 0:00:04]} c5 {[%emt 0:00:02]} 2. g3 {[%emt 0:00:05]} Nc6 {[%emt 0:00:01]} 3. Bg2 {[%emt 0:00:01]} g6 {[%emt 0:00:00]} 4. O-O {[%emt 0:00:01]} Bg7 {[%emt 0:00:00]} 5. c4 {[%emt 0:00:01]} e6 {[%emt 0:00:01]} 6. Nc3 {[%emt 0:00:01]} Nge7 {[%emt 0:00:01]} 7. e3 {[%emt 0:00:05]} d5 {[%emt 0:00:01]} 8. cxd5 {[%emt 0:00:01]} exd5 {[%emt 0:00:01]} 9. d4 {[%emt 0:00:01]} cxd4 {[%emt 0:00:00]} 10. exd4 {[%emt 0:00:02]} Bg4 {[%emt 0:00:02]} 11. Re1 {[%emt 0:00:03]} O-O {[%emt 0:00:01]} 12. Be3 {[%emt 0:00:04]} Nf5 {[%emt 0:00:02]} 13. Qd3 {[%emt 0:00:04]} Nxe3 {[%emt 0:00:02]} 14. fxe3 {[%emt 0:00:01]} Re8 {[%emt 0:00:02]} 15. Rad1 {[%emt 0:00:10]} a6 {[%emt 0:00:01]} 16. e4 {[%emt 0:00:13]} dxe4 {[%emt 0:00:03]} 17. Rxe4 {[%emt 0:00:01]} Bf5 {[%emt 0:00:05]} 18. Rxe8+ {[%emt 0:00:02]} Qxe8 {[%emt 0:00:01]} 19. Qd2 {[%emt 0:00:02]} Rd8 {[%emt 0:00:07]} 20. d5 {[%emt 0:00:01]} Bg4 {[%emt 0:00:17]} 21. Re1 {[%emt 0:00:05]} Qf8 {[%emt 0:00:04]} 22. Qf2 {[%emt 0:00:06]} Nb4 {[%emt 0:00:06]} 23. Qb6 {[%emt 0:00:12]} Bxc3 {[%emt 0:00:19]} 24. bxc3 {[%emt 0:00:06]} Nxd5 {[%emt 0:00:01]} 25. Qxb7 {[%emt 0:00:01]} Qc5+ {[%emt 0:00:03]} 26. Kh1 {[%emt 0:00:02]} Nxc3 {[%emt 0:00:01]} 27. Ne5 {[%emt 0:00:09]} Be6 {[%emt 0:00:08]} 28. Rf1 {[%emt 0:00:02]} Qxe5 {[%emt 0:00:05]} 29. Qxa6 {[%emt 0:00:03]} Qe2 {[%emt 0:00:04]} 30. Qb7 {[%emt 0:00:05]} Bd5 {[%emt 0:00:06]} 31. Bxd5 {[%emt 0:00:08]} Qxf1# {[%emt 0:00:02] (Lag: Av=0.38s, max=1.0s) (Lag: Av=0.38s, max=1.0s) (Lag: Av=0.38s, max=1.0s)} 0-1

[Event "Stay Safe Play From Home 422"]
[Site "Emanuel Lasker Arena"]
[Date "2020.08.30"]
[Round "5"]
[White "Kongle"]
[Black "Timbre"]
[Result "1/2-1/2"]
[WhiteElo "1748"]
[BlackElo "1587"]
[Annotator "NA"]
[PlyCount "66"]
[EventDate "2020.08.30"]
[EventType "swiss (blitz)"]
[TimeControl "300"]

1. d4 {[%emt 0:00:02]} d5 {[%emt 0:00:11]} 2. c4 {[%emt 0:00:01]} c6 {[%emt 0:00:01]} 3. Nc3 {[%emt 0:00:01]} Nf6 {[%emt 0:00:01]} 4. Bg5 {[%emt 0:00:02]} e6 {[%emt 0:00:02]} 5. e3 {[%emt 0:00:01]} Be7 {[%emt 0:00:01]} 6. Nf3 {[%emt 0:00:01]} Nbd7 {[%emt 0:00:01]} 7. cxd5 {[%emt 0:00:04]} exd5 {[%emt 0:00:02]} 8. Bd3 {[%emt 0:00:01]} O-O {[%emt 0:00:03]} 9. O-O {[%emt 0:00:01]} Re8 {[%emt 0:00:01]} 10. h3 {[%emt 0:00:02]} Nf8 {[%emt 0:00:01]} 11. Ne5 {[%emt 0:00:04]} Ng6 {[%emt 0:00:02]} 12. Nxg6 {[%emt 0:00:03]} hxg6 {[%emt 0:00:02]} 13. Qb3 {[%emt 0:00:05]} Nh5 {[%emt 0:00:04]} 14. Bxe7 {[%emt 0:00:04]} Qxe7 {[%emt 0:00:02]} 15. Rae1 {[%emt 0:00:07]} Qg5 {[%emt 0:00:04]} 16. f4 {[%emt 0:00:12]} Qg3 {[%emt 0:00:10]} 17. Ne2 {[%emt 0:00:46]} Qxe3+ {[%emt 0:00:08]} 18. Kh2 {[%emt 0:00:05]} Qe7 {[%emt 0:00:05]} 19. f5 {[%emt 0:00:08]} Qd6+ {[%emt 0:00:05]} 20. Kg1 {[%emt 0:00:03]} Bxf5 {[%emt 0:00:09]} 21. Bxf5 {[%emt 0:00:04]} gxf5 {[%emt 0:00:02]} 22. Qxb7 {[%emt 0:00:06]} Rab8 {[%emt 0:00:04]} 23. Qxa7 {[%emt 0:00:05]} Rxb2 {[%emt 0:00:03]} 24. Qa6 {[%emt 0:00:41]} Rbxe2 {[%emt 0:00:08]} 25. Rxe2 {[%emt 0:00:02]} Rxe2 {[%emt 0:00:05]} 26. Qxe2 {[%emt 0:00:03]} g6 {[%emt 0:00:01]} 27. Qe5 {[%emt 0:00:13]} Qb4 {[%emt 0:00:07]} 28. g4 {[%emt 0:00:18]} Ng7 {[%emt 0:00:09]} 29. g5 {[%emt 0:00:12]} Nh5 {[%emt 0:00:04]} 30. Qe8+ {[%emt 0:00:06]} Kg7 {[%emt 0:00:02]} 31. Qe5+ {[%emt 0:00:03]} Kg8 {[%emt 0:00:03]} 32. Qe8+ {[%emt 0:00:04]} Kg7 {[%emt 0:00:02]} 33. Qe5+ {[%emt 0:00:04]} Kg8 {[%emt 0:00:01] (Lag: Av=0.82s, max=3.1s)} 1/2-1/2